• 首页
  • 本馆介绍
  • 公告通知
  • 最新文献
  • 馆藏检索
  • 电子资源
  • 读者导购
  • 参考咨询
  • 我的图书馆
  • 登录
  • 详细信息显示
  • 放入我的书架
  • 预约/预借图书
  • 作者相关作品
  • 分类相关作品
  • 丛书相关作品
  • 出版社相关作品

书目信息

  • 表格格式
  • 工作单格式
  • 卡片格式
题名:
新生活
    
 
作者: ;北京未来新世纪教育科学发展中心 编
分册: 10   学会处事之智
出版信息: 乌鲁木齐   新疆青少年出版社  2006
页数: 153页
开本: 20cm
丛书名:
单 册:
中图分类: Z228.2
科图分类:
主题词: 人间交往--通俗读物 , 人间交往 , 百科全书--中国
电子资源:
ISBN: 7-5373-1466-7
000 00933nam0 2200265 45
001 012006292814
005 20070116100829.10
010    @a7-5373-1466-7@dCNY198.00(全20册)
092    @aCN@b505802
100    @a20060928d2006 em y0chiy0120 ea
101 0  @achi
102    @aCN@b650000
105    @ay z 000yy
200 1  @a新生活@9xin sheng huo@h10@i学会处事之智@f北京未来新世纪教育科学发展中心编
210    @a乌鲁木齐@c新疆青少年出版社@a喀什@c喀什维吾尔文出版社@d2006
215    @a153页@d20cm
330    @a本书通过古今中外一些典型事例,分一些篇章和篇幅讲述了有关如何处事的基本知识。
517 1  @a学会处事之智@9xue hui chu shi zhi zhi
606 0  @a人间交往@j通俗读物
606 0  @a人间交往
606 0  @a百科全书@x中国
690    @aZ228.2@v4
711 02 @a北京未来新世纪教育科学发展中心@9bei jing wei lai xin shi ji jiao yu ke xue fa zhan zhong xin@4编
801  0 @aCN@bLZJBOOK@c20070116
905    @a10447@dZ228.2@e174:10
    
    新生活.10.学会处事之智/北京未来新世纪教育科学发展中心编.-乌鲁木齐:新疆青少年出版社;喀什:喀什维吾尔文出版社,2006
    153页;20cm
    
    
    ISBN 7-5373-1466-7:CNY198.00(全20册)
    本书通过古今中外一些典型事例,分一些篇章和篇幅讲述了有关如何处事的基本知识。
●
相关链接 在E读中查询图书 在五车中查询图书 在当当中查询图书 在豆瓣中查询图书


正题名:新生活     索取号:Z228.2/174:10         预约/预借

序号 登录号 条形码 馆藏地/架位号 状态 备注
1 0567321   205673216   第二样本阅览室/ [索取号:Z228.2/174:10] 在馆    
2 0567322   205673225   第三借阅区/ [索取号:Z228.2/174:10] 在馆    
3 0567323   205673234   第三借阅区/ [索取号:Z228.2/174:10] 在馆    
4 0567324   205673243   第三借阅区/ [索取号:Z228.2/174:10] 在馆    
5 0567325   205673252   第三借阅区/ [索取号:Z228.2/174:10] 在馆    
6 0567326   205673261   第三借阅区/ [索取号:Z228.2/174:10] 在馆    
唐山师范学院图书馆 欢迎您!
大连网信软件有限公司© 版权所有